| 000 | 00673nam a2200217 a 4500 | ||
|---|---|---|---|
| 001 | 20051 | ||
| 003 | CO-ViMGA | ||
| 008 | 141112s2004 ck r 000 u spa d | ||
| 020 | _a840309275x | ||
| 040 |
_aCO-ViMGA _bspa _cCO-ViMGA |
||
| 082 | 0 | 4 | _a305.4 S281c |
| 100 | 1 |
_aSchwartz, Fernando _929093 |
|
| 245 | 1 | 0 |
_aCambio dos de veinticinco por una de cincuenta : _belogio de las mujeres con experiencia |
| 260 |
_aBogotá : _bAguilar, _c2002 |
||
| 300 | _a228 p. | ||
| 590 | _aForma de adquisición : Premio Mincultura | ||
| 650 | 1 | 4 |
_aMUJERES - CONDICIONES SOCIALES _99886 |
| 650 | 1 | 4 |
_aPSICOLOGIA DE LA MUJER _912476 |
| 650 | 1 | 4 | _aPSICOLOGIA FEMENINA |
| 942 |
_2ddc _cBK |
||
| 999 |
_c29166 _d29166 |
||